Les Pays de la Loire par images - Statistiques

Statistiques générales
  • Ce quiz a été pris 399 fois
  • Le résultat moyen est 9 sur 16
Statistiques - réponses
Par images Hint Réponse % Correct
Spécialité de Guérande Sel
97%
Course automobile 24 Heures du Mans
89%
Château Château d'{Angers}
86%
Parc à thèmes Puy du Fou
86%
Joueur de tennis Jo-Wilfried Tsonga
74%
Espace d'exposition nantais Les {Machines} de l'île
69%
Spécialité mancelle Rillettes
65%
Évènement Guerres de {Vendée}
54%
Écrivain Jules Verne
52%
Ville Saumur
46%
Ville Laval
45%
Place yonnaise Place {Napoléon}
45%
Évêque de Luçon Richelieu
44%
Spécialité textile de Cholet Mouchoir de Cholet
28%
Sous-préfecture Château-Gontier-sur-Mayenne
14%
Apparition mariale Apparition de {Pontmain}
6%
Aucun quiz correspondant
Distribution des résultats
% des personnes avec chaque résultat
Percentile par nombre de réponses
Votre historique - résultats
Vous n’avez pas pris ce quiz